| 000 | 01172nac a22002891i 4500 | ||
|---|---|---|---|
| 003 | EG-ScBUE | ||
| 005 | 20250218101529.0 | ||
| 008 | 250212r20031999ii a f b 001 0 eng d | ||
| 020 | _a8121923123 | ||
| 020 | _a9788121923125 | ||
| 040 |
_aEG-ScBUE _beng _erda _cEG-ScBUE _dEG-ScBUE |
||
| 082 | 0 | 4 |
_a519.4 _bRAJ _222 |
| 100 | 1 |
_aRajasekaran, S., _eauthor. |
|
| 245 | 1 | 0 |
_aNumerical methods in science and engineering : _ba practical approach / _cS. Rajasekaran, B.E. (Hons.), M.Sc. (Engg), Ph.D. (Canada) D.Sc. (Civil Engg.), DSS, FIE, FIV, M.ASCE, MCSI, MISTE, FNAE, Professor of Infrastructural Engineering, Department of Civil Engineering, PSG College of Technology. |
| 250 | _aReprinted edition. | ||
| 264 | 1 |
_aNew Delhi : _bS. Chand & Company LTD., _c2003. |
|
| 300 |
_a670 pages : _billustrations ; _c25 cm |
||
| 336 |
_2rdacontent _atext _btxt |
||
| 337 |
_aunmediated _2rdamedia _bn |
||
| 338 |
_avolume _bnc _2rdacarrier |
||
| 500 | _aIncludes appendix. | ||
| 504 | _aIncludes bibliographical references and index. | ||
| 650 | 7 |
_aEngineering mathematics. _2BUEsh |
|
| 650 | 7 |
_aNumerical analysis. _2BUEsh |
|
| 655 | _vReading book | ||
| 942 |
_cBB _2ddc |
||
| 999 |
_c1347 _d1347 |
||